000 00560nam a22001697a 4500
003 NUST - PNEC
005 20170116180953.0
008 150909b xxu||||| |||| 00| 0 eng d
020 _a0023925019
040 _cLIBRARY
082 _a621.3815 MUC
100 _99239
_aMuckler, William
245 _aLaboratory manual to accompany Introductory electric circuits
_b : electron flow version [and] Introductory electric circuits : conventional flow version
_cMuckler, William
260 _cc 1999
650 _98770
_aElectric circuits
_xEE, EL
942 _2ddc
_cBK
999 _c66494
_d66494